| 000 | 00733nam a2200193 i 4500 | ||
|---|---|---|---|
| 001 | 72157 | ||
| 003 | ES-MaACL | ||
| 005 | 20230906171335.0 | ||
| 007 | t| | ||
| 008 | 040826s1956 sp |||| | spa d | ||
| 100 | 1 |
_aGili Gaya, Samuel. _956938 |
|
| 245 | 1 | 3 |
_aEl ritmo en la poesía contemporánea _b: lecciones 13, 15 y 17 de febrero de 1956 / _cSamuel Gili Gaya. |
| 260 |
_aBarcelona : _b[s.n., _c1956] ( _fImp. Clarasó) |
||
| 300 |
_a63 p. ; _c19 cm. |
||
| 594 | _aPrecede al tít.: Universidad de Barcelona. Facultad de Filosofía y Letras. | ||
| 650 | 4 |
_aPoesía española- _yS.XX- _xHistoria y crítica. _916167 |
|
| 710 | 2 |
_aUniversidad de Barcelona. _bFacultad de Filosofía y Letras. _97149 |
|
| 852 |
_aES-MaACL _j1992-F-15 |
||
| 999 |
_c72157 _d72157 |
||